Mahón (Record no. 23583)

MARC details
000 -LEADER
campo de control de longitud fija 00832nam a2200205 i 4500
001 - NÚMERO DE CONTROL
campo de control 23583
003 - IDENTIFICADOR DE NÚMERO DE CONTROL
campo de control ES-MaACL
005 - FECHA Y HORA DE LA ÚLTIMA TRANSACCIÓN
campo de control 20230906152911.0
007 - CAMPO FIJO DE DESCRIPCIÓN FÍSICA--INFORMACIÓN GENERAL
campo de control de longitud fija t|
008 - DATOS DE LONGITUD FIJA--INFORMACIÓN GENERAL
campo de control de longitud fija 021211s1915 sp ||||1| spa d
100 1# - ENTRADA PRINCIPAL--NOMBRE DE PERSONA
Nombre de persona Alvarez de Cienfuegos, Francisco.
9 (RLIN) 20753
245 10 - MENCIÓN DEL TÍTULO
Título Mahón
Resto del título : base naval avanzada : su significación y artillado como capitalidad militar y marítima de las Baleares /
Mención de responsabilidad, etc. Francisco Alvarez de Cienfuegos ; prólogo por... don Antonio Victory... ; preámbulo de don Antonio Padró ; epilogo por don Pedro M. Cardona...
260 ## - PUBLICACIÓN, DISTRIBUCIÓN, ETC.
Lugar de publicación, distribución, etc. Mahón :
Nombre del editor, distribuidor, etc. F. Fábregues Pons,
Fecha de publicación, distribución, etc. 1915.
300 ## - DESCRIPCIÓN FÍSICA
Extensión 147 pág. ;
Dimensiones 21 cm.
651 #4 - PUNTO DE ACCESO ADICIONAL DE MATERIA--NOMBRE GEOGRÁFICO
Nombre geográfico Mahón-
Subdivisión general Historia.
9 (RLIN) 157685
700 0# - ENTRADA AGREGADA--NOMBRE PERSONAL
Nombre de persona Victory, Antonio.
9 (RLIN) 114404
700 0# - ENTRADA AGREGADA--NOMBRE PERSONAL
Nombre de persona Padró, A.
9 (RLIN) 88202
700 1# - ENTRADA AGREGADA--NOMBRE PERSONAL
Nombre de persona Cardona Prieto, Pedro María.
9 (RLIN) 155290
852 ## - LOCALIZACIÓN
Ubicación ES-MaACL
Número de control de estantería T-1447-F-6
Holdings
Estatus retirado Estado de pérdida Estado de daño No para préstamo Colección Biblioteca de origen Biblioteca actual Ubicación en estantería Fecha de adquisición Fuente de adquisición Total de préstamos Signatura topográfica completa Código de barras Visto por última vez Precio de reemplazo Tipo de ítem Koha
        Colección de folletos Biblioteca del Ateneo de Madrid Biblioteca del Ateneo de Madrid Depósito folletos 17/01/2008     T-1447-F-6 1024301 23/02/2023 23/02/2023 Folleto